European Investment Bank Investment Report 2019/2020 Key Findings
Uložené v:
| Médium: | Kniha |
|---|---|
| Jazyk: | English |
| Vydavateľské údaje: |
Luxembourg
European Investment Bank
2020
|
| Predmet: | |
| Tagy: |
Žiadne tagy, Buďte prvý, kto otaguje tento záznam!
|
MARC
| LEADER | 00000nam a2200000 4500 | ||
|---|---|---|---|
| 001 | 0288373 | ||
| 005 | 20240306141955.4 | ||
| 020 | |a 978-92-861-4472-1 | ||
| 020 | |a 978-92-861-4470-7 | ||
| 041 | 0 | |a eng | |
| 044 | |a LU | ||
| 245 | 1 | 0 | |a European Investment Bank Investment Report 2019/2020 |b Key Findings |
| 264 | 1 | |a Luxembourg |b European Investment Bank |c 2020 | |
| 300 | |a 23 s. | ||
| 610 | 2 | 0 | |a Európska investičná banka |
| 610 | 2 | 0 | |a bankovníctvo |
| 610 | 2 | 0 | |a porovnanie štatistické medzinárodné |
| 610 | 2 | 0 | |a zmeny klimatické |
| 610 | 2 | 0 | |a kohézia |
| 610 | 2 | 0 | |a rast hospodársky |
| 610 | 2 | 0 | |a investície |
| 610 | 2 | 0 | |a inovácie technologické |
| 610 | 2 | 0 | |a politika investičná |
| 610 | 2 | 0 | |a rozvoj trvalo udržateľný |